Home Print Resources E-Books E-Journals IIMT Lecture Series Library Membership Form Book Recommendation Form Campus Tour Take AdmissionAbout Us Contact Us

ALL INDIA REPORTER (Record no. 49331)

000 -LEADER
fixed length control field nam a22 7a 4500
003 - CONTROL NUMBER IDENTIFIER
control field OSt
005 - DATE AND TIME OF LATEST TRANSACTION
control field 20191123141116.0
008 - FIXED-LENGTH DATA ELEMENTS--GENERAL INFORMATION
fixed length control field 191123b xxu||||| |||| 00| 0 eng d
040 ## - CATALOGING SOURCE
Transcribing agency SERO SOFT
100 ## - MAIN ENTRY--PERSONAL NAME
Personal name AIR
245 ## - TITLE STATEMENT
Title ALL INDIA REPORTER
260 ## - PUBLICATION, DISTRIBUTION, ETC.
Place of publication, distribution, etc. NAGPUR
Name of publisher, distributor, etc. NAGPUR PVT
300 ## - PHYSICAL DESCRIPTION
Extent 240
942 ## - ADDED ENTRY ELEMENTS (KOHA)
Source of classification or shelving scheme
Koha item type Text-Book- for 7 days
Holdings
Withdrawn status Lost status Source of classification or shelving scheme Damaged status Not for loan Home library Current library Date acquired Source of acquisition Cost, normal purchase price Total Checkouts Barcode Date last seen Date last checked out Price effective from Koha item type
          IIMT University College of Law IIMT University College of Law 11/23/2019 WESTERN LAW HOUSE 9900.00 1 04-B-7557 12/20/2019 12/20/2019 11/23/2019 Journal and Periodical
          IIMT University College of Law IIMT University College of Law 11/23/2019 WESTERN LAW HOUSE 9900.00   04-B-7558 11/23/2019   11/23/2019 Journal and Periodical
IIMT, Central Library. All Rights Reserved IIMT,UNIVERSITY © 2023
Implemented and Customised by I CLOUDE EMS
You Are OPAC Visitor No
free web counter

Powered by Koha